iCarly Characters - Statistics

General Stats
  • This quiz has been taken 523 times
  • The average score is 12 of 17
Answer Stats
Hint Answer % Correct
Lives with her horrible mother; the blonde half of the hosts. Sam Puckett
99%
Older brother to brunette host; signature dish is "Spaghetti Tacos". Spencer Shay
97%
Lives in the apartment directly under the iCarly studios; brunette half of the hosts. Carly Shay
95%
Cameraman for iCarly; lives across from the brunette. Freddie Benson
94%
Makes frequent appearances on the webshow; has a model of his own head. Gibby Gibson
92%
Owns the Groovie Smoothie; lives with cameraman and his mom. T-Bo
84%
Evil genius; plots to take over iCarly. Nevel Papperman
81%
Cameraman's mother; deathly fear of germs. Marissa Benson
79%
Younger brother to the above character; says "Happy Birthday!" Guppy Gibson
72%
Crazy fangirl #1; kidnapps iCarly gang. Nora Dershlit
72%
Older brother's worst enemy; locked older brother in a gate and sprayed him with liquids. Chuck Chambers
69%
Older brother's friend who hooks him up with everything; never made an actual appearance. Socko
59%
Principal of the school; appeared once on iCarly. Ted Franklin
52%
Mean teacher; spied on in iSpy a Mean Teacher. Francine Briggs
50%
Brunette's old best friend; tries to steal her back from the blonde host. Missy Robinson
46%
Crazy fangirl #2; self-proclaimed #1 iCarly fan. Mandy Valdez
45%
Father serving overseas in the US Air Force; took brunette to the Father-Daughter Dance. Colonel Steven Shay
24%
No matching quizzes found
Score Distribution
Percent of People with Each Score
Percentile by Number Answered
Your Score History
You have not taken this quiz